00952nam a2200265 u 4500001001000000003000900010005001700019008004100036020001800077040002500095082001500120100003300135245011000168260003100278300002100309500007000330500002100400504003100421650005000452650004300502651008300545830002700628942001400655999001700669000046607DO-SdBNP20251031081833.0170125s2009 mx r 001 0 eng d a9788430607815 aDO-SdBNPcspabBNPHU a980bR741r1 aRojas, Rafael,d1965-91249410aLas repúblicas de aire :butopía y desencanto en la revolución de Hispanoamérica /cRafael Rojas. aMéxico :bTaurus,c2009. a422 p. ;c27 cm. aIncluye datos biográficos del autor en la solapa de la cubierta aIncluye índice aBibliografía: p. 361-386 7aRepublicanismozAmérica Latina2LEMB987732 7aUtopiaszAmérica Latina2LEMB987733 0aAmérica Latina xHistoriay Guerras de Independencia, 1806-1830.940922LEMB 0aTaurus historia974591 2ddccLBS1 c46096d46096